Video Games by Year: 2006 - Statistics

General Stats
  • This quiz has been taken 102 times
  • The average score is 3 of 16
Answer Stats
Picture Answer % Correct
Bully
76%
Guitar Hero II
61%
Persona 3
45%
The Elder Scrolls IV: Oblivion
32%
Armored Core 4
23%
Half-Life 2: Episode One
14%
Rayman Raving Rabbids
14%
Gothic 3
11%
Need for Speed: Carbon
11%
Prey
10%
FlatOut 2
8%
Dwarf Fortress
7%
Metal Gear Solid: Portable Ops
6%
Brave Story: New Traveler
1%
Rengoku II: The Stairway to Heaven
1%
SiN Episodes: Emergence
1%
No matching quizzes found
Score Distribution
Percent of People with Each Score
Percentile by Number Answered
Your Score History
You have not taken this quiz